00890aab a2200193 i 4500001001000000003001000010005001700020008004100037040001900078041000800097100002500105245005000130300008300180520026100263650002400524773012300548942000800671999001700679768714001CO-MdFUSB20240423151648.0240423t2000 ag ||||| |||| 00| 0 spa d bspacCO-MdFUSB aspa1 aVoth, Estebaneautor aInterpretar ¿Arte o ciencia?c/ Esteban Voth aVolumen 19, número 3 (julio - septiembre, 2000), páginas: 29 - 30c; 27 cm aCada vez que nos acercamos a un texto escrito con el objetivo de comprenderlo e interpretarlo, nos preguntamos ¿cuál fue el propósito detrás de ese texto?, ¿Quería transmitir un mensaje especial?, ¿Cuál fue su intención?, entre otras.  7aHermenéutica94180 tIglesia y Misión049402959628gVolumen 19, número 3 (julio - septiembre, 2000), páginas: 29 - 30qpágina: 29  cANA c52457d52457